000 00306 a2200145 4500
001 63963
040 _cAnchieta - Pituba
100 _aEsteves, O. P
240 1 0 _aObjetivos educacionais
_lpor
245 1 0 _aObjetivos educacionais
300 _a68
362 0 _a1971
650 4 _aEducação
942 _cBK
999 _c63963
_d63963